Felizmente há luar! (Registo nº 4671)

Detalhes MARC
000 -Etiqueta do registo
Cabeçalho 00702nam0a2200241 4500
005 - Identificador da versão
Campo de controlo 20240813122108.0
003 - Persistent Record Identifier
control field http://id.bnportugal.gov.pt/bib/porbase/294006
100 ## - Dados gerais de processamento
Dados gerais de processamento 20190312d1976 m y0pory5003 ba
102 ## - Pais de publicação ou produção
País de publicação Portugal
101 0# - Língua de publicação
Língua do texto, banda sonora, etc. Português
215 ## - Descrição física 
Indicação específica da natureza do documento e extensão da espécie 163, [1] p
200 1# - Titulo e menção de responsabilidade
Título próprio Felizmente há luar!
Informação de outro título peça em 2 actos
Primeira menção de responsabilidade Luís de Sttau Monteiro
225 2# - Colecção 
Título próprio da colecção Teatro
205 ## - Menção da edição
Menção da edição 9ª ed
210 ## - Publicação, Distribuição, etc. 
Lugar da edição, distribuição, etc. Lisboa
Nome do editor, distribuidor, etc. Ática
Data da publicação, distribuição, etc. [1976?]
Data da impressão imp. 1976
606 ## - Nome comum usado como assunto
Número de registo de entrada de autoridade 0001414
Palavra de ordem Literatura portuguesa
Subdivisão de assunto Teatro
Código do sistema CA
675 ## - Classificação Decimal Universal (CDU)
Notação 821.134.3-2
Edição 3ª ed.
Língua da edição por
700 #1 - Nome de autor-pessoa física (responsabilidade principal)
Número de registo de entrada de autoridade 0002082
Palavra de ordem Monteiro
Outra parte do nome não tomada para palavra de ordem Luís de Sttau
Datas 1926-1993
966 ## - Identificação da Biblioteca
Sigla EBVEN
942 ## - Elementos de entrada adicionados (Koha)
Tipo de item no Koha Livro
Exemplares
Situação do levantamento Origin of item (home branch) (coded) Biblioteca de empréstimo Código de barras Cota Circulation type (not for loan) Tipo de documento Nota do exemplar Damaged status
  Biblioteca Escolar das Vendas Biblioteca Escolar das Vendas BEV375 8POR MON   Livro Sem mensagem